| 000 | 00813nam a2200253Ia 4500 | ||
|---|---|---|---|
| 008 | 100315s9999 xx 000 0 und d | ||
| 020 | _a81-8068-063-0 | ||
| 040 | _cENGLISH | ||
| 082 |
_b6367 _a338.9 |
||
| 100 | _a"Mathur, B L " | ||
| 245 | _aManagemnt of Economic Crisis | ||
| 260 |
_aJaipur ( India ) _bWide Vision _c2008 |
||
| 300 | _a320 | ||
| 365 |
_eRupees _d1 _b675.00 |
||
| 366 | _f10 | ||
| 505 | _gVinayak Gonjare | ||
| 520 | _aInclude index | ||
| 530 |
_bBG - (Educational Book Services) 925/17-10-2007 _a925/17-10-2007 |
||
| 536 | _a01/04/2007-31/03/2008 | ||
| 620 | _a1. Psychological theory 2.Fiscal Policy 3.Monetory Policy 4.Credit Control | ||
| 630 | _aManagemnt of Economic Crisis | ||
| 730 | _aManagemnt of Economic Crisis | ||
| 942 | _cBOOK | ||
| 999 |
_c481102 _d481099 |
||